|
|
|
|
| LEADER |
00667nam a22001937a 4500 |
| 001 |
c000107988 |
| 003 |
CARM |
| 005 |
19990210000000.0 |
| 008 |
990210s1957 enk 000 1 eng d |
| 019 |
1 |
|
|a 14498604
|5 LACONCORD2021
|
| 035 |
|
|
|a (OCoLC)222307608
|5 LACONCORD2021
|
| 040 |
|
|
|a VLINC
|b eng
|c VLINC
|
| 100 |
1 |
|
|a Dower, Penn.
|
| 245 |
1 |
0 |
|a Guns in vengeance /
|c Penn Dower.
|
| 260 |
|
|
|a London :
|b Long,
|c 1957.
|
| 300 |
|
|
|a 159 p.
|
| 852 |
8 |
|
|b CARM
|h A2:AJ03G0
|i A02233
|p 0155134
|f BK
|
| 999 |
f |
f |
|i d9d22c30-06c3-54f3-8964-4f388c0b9b54
|s 1ad24798-0e42-5580-9b81-149b7e9962d1
|
| 952 |
f |
f |
|p Can circulate
|a CAVAL
|b CAVAL
|c CAVAL
|d CARM 1 Store
|e A02233
|f A2:AJ03G0
|h Other scheme
|i book
|m 0155134
|